Отношение попечительского совета Владикавказского ремесленного училища им. Лорис-Меликова Лорис-Меликову М. Т. с уведомлением о ...

RUSMARC
00005677nac2a22003613x 450
001530b33ee-a504-4bb2-b24a-56e51b6dc8ea
00520240819193651.0
100##$a20240716l1887 k y0rusy50 ca
1010#$arus
102##$aRU
105##$ay z |||||
1220#$ad18871231
2001#$aОтношение попечительского совета Владикавказского ремесленного училища им. Лорис-Меликова Лорис-Меликову М. Т. с уведомлением о получении училищем в собственность имения от Д. С. Кодзокова
$j1887
215##$a1 лист
$d36,4 х 23,5
251##$cДело
300##$aЗаголовок дела на папке: Отношение попечительного совета Владикавказского ремесленного училища им. Л.-Меликова М. Т. Лорис-Меликову с уведомлением о получении училищем в собственность имения от Д. С. Кодзокова
300##$aНа папке дела: 1.VIII.1887 г.
300##$aРукописный и типографский текст
325##$aЗамикрофильмировано
330##$aВходит в раздел описи: Материалы о Владикавказском ремесленном училище имени Лорис-Меликова 1886 - 1888 гг.
461#0$1001cda3d175-ae4a-411a-8dea-9cc20fb178f6
$12001
$aЛорис-Меликов Михаил Тариелович, граф, министр внутренних дел, главный начальник "верховной распорядительной комиссии по охранению государственного порядка и общественного спокойствия", генерал от кавалерии
$1251
$cФонд
$1852
$j569
462#0$1001163e060a-d7cc-404d-90ee-e28c9801971b
$12001
$aОпись дел фонда М. Т. Лорис-Меликова за 1858-1915 гг.
$vД. 122
$1251
$cОпись
$1852
$j1
5171#$aОтношение попечительного совета Владикавказского ремесленного училища им. Л.-Меликова М. Т. Лорис-Меликову с уведомлением о получении училищем в собственность имения от Д. С. Кодзокова
600#1$aЛорис-Меликов
$bМ. Т.
$gМихаил Тариелович
600#1$aКодзоков
$bД. С.
60102$aВладикавказское ремесленное училище им. Лорис-Меликова
$bПопечительный Совет
605##$3DITM\AF\0000002775
$aВласть
$lколлекция
$2acquisition_prlib
6101#$aИмение
$aРемесленное училище
$aПопечительский совет
686##$a63.3(2)535-332ю1
$cИстория
$2rubbk
686##$a67.400.6ю1
$cПраво
$2rubbk
801#0$aRU
$bGA_RF
801#1$aRU
$bГлавНИВЦ
$c20240716
$2rusmarc
801#2$aRU
$bПБ им. Б.Н. Ельцина
$c20240819
$gRCR
$2rusmarc
852##$aГА РФ
$j122
937##$d193623322
$hГАРФ
035##$aRuPRLIB51076481
856##$uhttp://readingroom.main.prlib.ru/item.aspx?id_node=n193623322&mode=full
Формат отображения